000 00825nas a2200277 4500
001 BR2011002762
003 BR-BrBNA
005 20231205114946.0
007 ta
008 230509b bl.|||p| |||| 00| 00por d
040 _aBR-BrBNA
_bpor
_cBiblioteca Nacional de Agricultura
041 _a(Pt)
072 _aH20
100 1 _aRommel, C.C.
100 1 _aValdebenito-Sanhueza, R.M.
100 1 _aDuarte, V.
245 1 _aDetecção de bactérias associadas a gemas de pereiras européias no Rio Grande do Sul
650 _aPERA
650 _aBACTERIA
650 _aSINTOMA
650 _aGEMA
650 _aRIO GRANDE DO SUL
773 0 _tTropical Plant Pathology (Brazil)
_xISSN 1982-5676
_g(Nov-Dec 2010), v. 35(6) p. 360-367
_wBR2011002762
909 _a202311
_bLúcia
_c55
_dLúcia Elande
942 _2AGRIS
_n0
_cANA
999 _c211417
_d211417